[Event "TCh-POL Ekstraliga 2013"]
[Site "Wroclaw POL"]
[Date "2013.05.24"]
[Round "1"]
[White "Wojtaszek,R"]
[Black "Areshchenko,A"]
[Result "1-0"]
[WhiteElo "2701"]
[BlackElo "2709"]

1.d4 Nf6 2.c4 g6 3.f3 d5 4.cxd5 Nxd5 5.e4 Nb6 6.Nc3 Bg7 7.Be3 O-O 8.Qd2 Nc6
9.O-O-O Qd6 10.Nb5 Qd7 11.Kb1 Rd8 12.d5 a6 13.Nc3 Ne5 14.Qc1 Qd6 15.h4 h5
16.Bh6 Bxh6 17.Qxh6 Qf6 18.Qc1 c6 19.g4 cxd5 20.gxh5 Be6 21.f4 Ng4 22.e5 Bf5+
23.Ka1 Qc6 24.Rd4 Nc4 25.Rh3 Qc5 26.Nge2 gxh5 27.b3 Nb6 28.Qd2 Rac8 29.Kb2 e6
30.Ng3 Bg6 31.Be2 Qxc3+ 32.Qxc3 Rxc3 33.Kxc3 Rc8+ 34.Kb4 Ne3 35.Rd2 Nc2+
36.Ka5 Nd7 37.b4 Rc3 38.a4 b6+ 39.Kxa6 Nxb4+ 40.Kb7 Bf5 41.Nxf5 Rxh3 42.Nd4 Kf8
43.Bb5 Ke7 44.Bxd7 Kxd7 45.Kxb6 Nc6 46.Nb5 Rb3 47.Rc2 Nd4 48.Rc7+ Ke8 49.Kc5 Nxb5
50.axb5 d4 51.Rc6 Kd7 52.Rd6+ Kc8 53.Rxd4 Kc7 54.Ra4 Kb7 55.Kd6 Rxb5 56.Ke7 Kc6
57.Kxf7 Kd5 58.Kg6 Rb8 59.Kxh5 Rh8+ 60.Kg5 Rg8+ 61.Kf6 Rh8 62.Ra5+ Ke4 63.Kxe6 Rh6+
64.Kd7 Rh7+ 65.Kd6  1-0

[Event "TCh-POL Ekstraliga 2013"]
[Site "Wroclaw POL"]
[Date "2013.05.25"]
[Round "2"]
[White "Hracek,Z"]
[Black "Wojtaszek,R"]
[Result "0-1"]
[WhiteElo "2628"]
[BlackElo "2701"]

1.d4 Nf6 2.c4 e6 3.Nf3 b6 4.g3 Bb7 5.Bg2 Be7 6.O-O O-O 7.d5 exd5 8.Nh4 c6
9.cxd5 Nxd5 10.Nf5 Nc7 11.e4 d5 12.Nc3 Nba6 13.exd5 cxd5 14.Bf4 Bf6 15.Re1 Qd7
16.Bh3 Ne6 17.Ne4 Bxb2 18.Rb1 Rad8 19.Ng5 Bf6 20.Rxe6 fxe6 21.Nh6+ Kh8 22.Bxe6 Bxg5
23.Bxd7 Bxf4 24.gxf4 Rxd7 25.Qd4 Rd6 26.Ng4 Rg6 27.h3 Nc5 28.Qe5 Re6 29.Qc7 Rc6
30.Qe7 Kg8 31.f5 Rxf5 32.Qd8+ Rf8 33.Qxd5+ Re6 34.Qc4 Kh8 35.Rd1 h5 36.Ne3 Rg6+
37.Kf1 Ba6  0-1

[Event "TCh-POL Ekstraliga 2013"]
[Site "Wroclaw POL"]
[Date "2013.05.26"]
[Round "3"]
[White "Wojtaszek,R"]
[Black "Tomczak,J"]
[Result "1/2-1/2"]
[WhiteElo "2701"]
[BlackElo "2565"]

1.d4 Nf6 2.c4 g6 3.Nc3 d5 4.Nf3 Bg7 5.Qa4+ Bd7 6.Qb3 dxc4 7.Qxc4 O-O 8.Bf4 Be6
9.Qxc7 Nc6 10.e3 Nb4 11.Qxd8 Rfxd8 12.Kd2 Nbd5 13.Nxd5 Ne4+ 14.Ke1 Bxd5 15.Bd3 Nc5
16.Be2 Ne4 17.Bd3 Nc5 18.Bc2 Ne6 19.Bg3 Rac8 20.Bd1 Rc6 21.Rg1 Ra6 22.Bc2 Rc6
23.Bd3 f5 24.Ne5 Rb6 25.b3 f4 26.exf4 Nxd4 27.Rd1 Rbd6 28.f3 Be6 29.Be4 Nb5
30.Rc1 Bf5 31.Bxf5 gxf5 32.Rf1 Bxe5 33.fxe5 Rd3 34.Rf2 Nd4 35.Rb2 Kf7 36.Bf2 Nc6
37.f4 Rg8 38.g3 Ke6 39.Rd2 Rgd8 40.Rxd3 Rxd3 41.Ke2 Rd5 42.Rc4 Rd7 43.Be3 Rd5
44.Rc1 Ra5 45.a4 Rd5 46.Rc4 Kd7 47.b4 b5 48.e6+ Kc7 49.axb5 Rxb5 50.Bc5 a5
51.bxa5 Nxa5 52.Rc3 Kc6 53.Bxe7+ Kd5 54.Bh4 Kxe6 55.Rc7 Rb2+ 56.Ke3 Rb3+
57.Kf2 Rb2+ 58.Ke3 Rb3+ 59.Kf2 Rb2+ 60.Kf3 Nb3 61.Ke3 Rxh2 62.Re7+ Kd5 63.Rxh7 Ra2
64.Rd7+ Ke6 65.Re7+ Kd5 66.Re5+ Kc4 67.Be7 Ra5 68.Re6 Nd4 69.Rb6 Rb5 70.Rxb5 Nxb5
71.g4 fxg4 72.f5 Kd5 73.Kf4 Nd4 74.Kxg4 Nxf5  1/2-1/2

[Event "29th ECC Open 2013"]
[Site "Rhodes GRE"]
[Date "2013.10.24"]
[Round "5.3"]
[White "Dambacher,M"]
[Black "Wojtaszek,R"]
[Result "0-1"]
[WhiteElo "2493"]
[BlackElo "2698"]

1.d4 Nf6 2.c4 e6 3.Nc3 Bb4 4.Bg5 h6 5.Bh4 c5 6.d5 d6 7.e3 exd5 8.cxd5 Nbd7
9.Bd3 O-O 10.Ne2 Ne5 11.O-O Ng6 12.Bxg6 fxg6 13.f3 g5 14.Bf2 g4 15.Kh1 Qe8
16.Qd3 gxf3 17.gxf3 Nh5 18.Bg3 Bh3 19.Rf2 c4 20.Qd2 Bc5 21.Nd4 Nxg3+ 22.hxg3 Qh5
23.f4 Rae8 24.Kg1 Bd7 25.Re1 b5 26.Ncxb5 Qxd5 27.Nc7 Qe4 28.Nxe8 Rxe8 29.Nc2 Bc6
30.Kh2 Rb8 31.Qc3 Qf5 32.Qxc4+ Kh8 33.Qe2 Rxb2 34.g4 Qf6 35.Kg3 Qc3 36.Qa6 Bb7
37.Qa4 Kh7 38.Qd7 Be4 39.Qe6 Bxc2 40.f5 Rb8 41.Rc1 Bxe3 42.Rf3 Bf4+ 43.Kxf4 Qd2+
44.Qe3 Qh2+ 45.Rg3 Rb4+ 46.Kf3 Be4+  0-1

[Event "Basel Master Open 2014"]
[Site "Basel SUI"]
[Date "2014.01.04"]
[Round "5.2"]
[White "Wojtaszek,R"]
[Black "Braeunlin,K"]
[Result "1-0"]
[WhiteElo "2711"]
[BlackElo "2123"]

1.d4 Nf6 2.c4 e6 3.Nc3 Bb4 4.Qc2 d5 5.cxd5 exd5 6.Bg5 O-O 7.e3 c6 8.Bd3 h6
9.Bh4 Be7 10.Nge2 a5 11.O-O Na6 12.a3 b5 13.f3 Bd7 14.h3 Nc7 15.e4 c5 16.dxc5 Bxc5+
17.Kh1 Be7 18.e5 Nfe8 19.Bf2 Qb8 20.Nd4 Qb7 21.f4 Rc8 22.Qd2 Bc5 23.f5 Qb6
24.Nce2 f6 25.e6 Bc6 26.Nxc6 Qxc6 27.Rac1 Na6 28.Bxc5 Nxc5 29.b4 axb4 30.axb4  1-0

[Event "Tata Steel Challengers"]
[Site "Wijk aan Zee NED"]
[Date "2014.01.11"]
[Round "1.4"]
[White "Wojtaszek,R"]
[Black "Reinderman,D"]
[Result "0-1"]
[WhiteElo "2711"]
[BlackElo "2593"]

1.d4 e6 2.c4 b6 3.a3 f5 4.Nc3 Nf6 5.g3 Ba6 6.Bg2 c6 7.b3 d5 8.Nh3 Bd6 9.Nf4 Qe7
10.O-O Nbd7 11.cxd5 cxd5 12.a4 O-O 13.Nb5 Bxb5 14.axb5 Rfc8 15.Bb2 Nf8 16.e3 Qd7
17.Qd3 Ne4 18.Ne2 Rc7 19.Rfc1 Rac8 20.Rxc7 Qxc7 21.Rc1 Qd7 22.Rxc8 Qxc8 23.f3 Nf6
24.Nc3 Bb4 25.Na2 Bd6 26.Bc3 Ng6 27.Nb4 Ne7 28.Qd2 h6 29.Nd3 Qd7 30.Bb4 Ne8
31.Bxd6 Nxd6 32.Ne5 Qxb5 33.Qc3 Nf7 34.Bf1 Qa5 35.Qxa5 bxa5 36.Nd7 Nd6 37.Kf2 Nc6
38.Nc5 Kf7 39.Ke2 g5 40.Kd3 Ke7 41.Be2 f4 42.gxf4 gxf4 43.exf4 Nf5 44.Bf1 Ncxd4
45.Bh3 Nxf3 46.Nb7 Nxh2 47.Nxa5 Kd7 48.b4 h5 49.Bxf5 exf5 50.Nb3 Nf3 51.Ke3 Nh4
52.Nd4 Kc7 53.Kf2 Ng6 54.Kf3 Ne7 55.Kg3 Nc6 56.Nxf5 Nxb4 57.Kh4 Nd3 58.Kxh5 Nxf4+
59.Kg5 Ne2 60.Kg4 Kb6 61.Kf3 Nc3 62.Ke3 Nb5 63.Kd3 Kc5 64.Ne3 a5 65.Kc2 a4
66.Nd1 Na3+ 67.Kd3 Nc4 68.Nc3 a3 69.Na2 d4 70.Kc2 Na5 71.Nc1 Kc4  0-1

[Event "Tata Steel Challengers"]
[Site "Wijk aan Zee NED"]
[Date "2014.01.12"]
[Round "2.7"]
[White "Troff,Kayden W"]
[Black "Wojtaszek,R"]
[Result "1/2-1/2"]
[WhiteElo "2457"]
[BlackElo "2711"]

1.d4 Nf6 2.c4 e6 3.g3 d5 4.Nf3 Bb4+ 5.Bd2 Be7 6.Bg2 Nbd7 7.O-O O-O 8.a4 a5
9.Qc2 c6 10.Nc3 b6 11.cxd5 Nxd5 12.Na2 Bb7 13.e4 N5f6 14.Nc3 Rc8 15.Rfd1 Re8
16.Be3 h6 17.h3 b5 18.Nd2 b4 19.Ne2 c5 20.dxc5 Bxc5 21.Bxc5 Rxc5 22.Qd3 Qa8
23.Qe3 Rec8 24.Nd4 Ne5 25.Nb5 Rc2 26.Nd6 Rd8 27.Nf3 Nxf3+ 28.Bxf3 Bc6 29.Qb3 Rc5
30.Qe3 Rc2 31.Qb3 Rc5 32.Qe3 Rc2  1/2-1/2

[Event "Tata Steel Challengers"]
[Site "Wijk aan Zee NED"]
[Date "2014.01.14"]
[Round "4.7"]
[White "Goudriaan,E"]
[Black "Wojtaszek,R"]
[Result "0-1"]
[WhiteElo "2431"]
[BlackElo "2711"]

1.d4 Nf6 2.c4 e6 3.Nc3 Bb4 4.e3 O-O 5.Bd3 d6 6.Ne2 c5 7.O-O Nc6 8.Na4 Qe7
9.Bc2 h6 10.Ng3 Rd8 11.b3 Ba5 12.Bb2 cxd4 13.exd4 d5 14.c5 b5 15.Nc3 b4 16.Nb1 Bc7
17.f4 Ba6 18.Rf2 g6 19.a3 Bb5 20.Qe1 a5 21.a4 Ba6 22.Nf1 h5 23.g3 Ng4 24.Rf3 Qf6
25.Qd2 e5 26.Ne3 Nxe3 27.Qxe3 Nxd4 28.Rf2 Nxc2 29.Rxc2 d4  0-1

[Event "Tata Steel Challengers"]
[Site "Wijk aan Zee NED"]
[Date "2014.01.16"]
[Round "5.6"]
[White "Wojtaszek,R"]
[Black "Jobava,Ba"]
[Result "0-1"]
[WhiteElo "2711"]
[BlackElo "2710"]

1.d4 Nf6 2.c4 e5 3.dxe5 Ng4 4.Bf4 g5 5.Bg3 Nc6 6.Nf3 Bg7 7.h4 Ngxe5 8.Nxe5 Nxe5
9.Nc3 g4 10.e3 d6 11.Be2 Be6 12.Rc1 O-O 13.b3 c6 14.h5 f5 15.h6 Bf6 16.Qd2 Qe7
17.f4 gxf3 18.gxf3 Kh8 19.f4 Rad8 20.Qc2 Ng4 21.Bxg4 Rg8 22.Ne2 Rxg4 23.Kf2 d5
24.Rcd1 Re8 25.c5 Bf7 26.Qc1 Qe4 27.Nd4  0-1

[Event "Tata Steel Challengers"]
[Site "Wijk aan Zee NED"]
[Date "2014.01.17"]
[Round "6.2"]
[White "Van Delft,M"]
[Black "Wojtaszek,R"]
[Result "0-1"]
[WhiteElo "2430"]
[BlackElo "2711"]

1.e4 c5 2.Nf3 d6 3.d4 cxd4 4.Nxd4 Nf6 5.Nc3 a6 6.h3 e5 7.Nb3 Be6 8.Be3 Nbd7
9.f4 Rc8 10.Qf3 b5 11.f5 Bxb3 12.cxb3 d5 13.exd5 Bb4 14.O-O-O O-O 15.Kb1 Bxc3
16.bxc3 Rxc3 17.Qe2 Ne4 18.Qe1 Rc8 19.Rc1 Ndf6 20.Rxc8 Qxc8 21.g4 Nxd5 22.Bg2 Nec3+
23.Kb2 Nd1+ 24.Qxd1 Qc3+ 25.Kb1 Nxe3 26.Qe2 Rd8 27.Rc1 Qd4 28.a3 e4  0-1

[Event "Tata Steel Challengers"]
[Site "Wijk aan Zee NED"]
[Date "2014.01.18"]
[Round "7.7"]
[White "Wojtaszek,R"]
[Black "Zhao Xue"]
[Result "1-0"]
[WhiteElo "2711"]
[BlackElo "2567"]

1.d4 Nf6 2.c4 e6 3.Nf3 b6 4.Nc3 Bb7 5.a3 g6 6.Qc2 Bg7 7.e4 O-O 8.Bd3 d5 9.cxd5 exd5
10.e5 Nfd7 11.Bg5 f6 12.exf6 Bxf6 13.h4 Qe7+ 14.Be2 c5 15.O-O-O cxd4 16.Bxf6 Nxf6
17.Nxd4 Nbd7 18.h5 g5 19.Kb1 Rac8 20.f3 Ne5 21.Nf5 Qe6 22.g4 Kh8 23.Rhe1 d4
24.Nxd4 Qg8 25.Ba6 Bxa6 26.Rxe5 Bc4 27.Qd2 Rc5 28.Qe3 Rfc8 29.Nf5 Rxe5 30.Qxe5 Qe6
31.Qd4 Bb3 32.Rg1 h6 33.Nxh6 Rc4 34.Qd2 Rf4 35.Nf5 Kh7 36.Re1  1-0

[Event "Tata Steel Challengers"]
[Site "Wijk aan Zee NED"]
[Date "2014.01.19"]
[Round "8.2"]
[White "Wojtaszek,R"]
[Black "Muzychuk,A"]
[Result "1/2-1/2"]
[WhiteElo "2711"]
[BlackElo "2566"]

1.d4 d5 2.Nf3 Nf6 3.c4 c6 4.e3 Bg4 5.Qb3 Qb6 6.Nc3 e6 7.Nh4 Bh5 8.h3 g5 9.Nf3 h6
10.Qc2 Bg6 11.Bd3 Bxd3 12.Qxd3 dxc4 13.Qxc4 Qa6 14.Qxa6 Nxa6 15.Ke2 c5 16.b3 cxd4
17.Nxd4 Bc5 18.Ndb5 Ke7 19.Na4 Rhc8 20.Nxc5 Nxc5 21.Ba3 a6 22.Nd4 a5 23.Rac1 b6
24.Rc4 Nd7 25.Rhc1 h5 26.Nb5 f5 27.Rd4 Rc6 28.Rcd1 Nf6 29.f3 Nd5 30.e4 fxe4
31.fxe4 Nb4 32.Bc1 Nxa2 33.Bxg5+ Kf7 34.Rf1+ Kg6 35.Rf6+ Kxg5 36.e5 h4 37.Rg4+ Kh5
38.Nd4 Nc3+ 39.Ke1 Nd3+ 40.Kd2 Nxe5 41.Nxc6 Nxg4 42.hxg4+ Kg5 43.Rxe6 Na2
44.Re4 Rf8 45.Nd4 Rf2+ 46.Ke3 Rxg2 47.Nf3+ Kf6 48.g5+ Kg7 49.Rxh4 Nc1 50.Rh6 Rxg5
51.Rxb6  1/2-1/2

[Event "Tata Steel Challengers"]
[Site "Wijk aan Zee NED"]
[Date "2014.01.21"]
[Round "9.4"]
[White "Saric,Iv"]
[Black "Wojtaszek,R"]
[Result "1-0"]
[WhiteElo "2637"]
[BlackElo "2711"]

1.e4 c5 2.Nf3 d6 3.d4 cxd4 4.Nxd4 Nf6 5.Nc3 a6 6.Be3 e5 7.Nb3 Be6 8.f3 Nbd7
9.Qd2 b5 10.O-O-O h5 11.Nd5 Rc8 12.Qa5 Nxd5 13.exd5 Bf5 14.Bd3 Bxd3 15.Rxd3 Qxa5
16.Nxa5 Nf6 17.Rhd1 Kd7 18.a4 bxa4 19.Ra3 Be7 20.c4 h4 21.h3 e4 22.Rxa4 exf3
23.gxf3 Nh7 24.Nc6 Bf6 25.Rxa6 Rhe8 26.Rd3 Ng5 27.Bb6 Re2 28.Ra7+ Ke8 29.c5  1-0

[Event "Tata Steel Challengers"]
[Site "Wijk aan Zee NED"]
[Date "2014.01.22"]
[Round "10.5"]
[White "Wojtaszek,R"]
[Black "Yu Yangyi"]
[Result "1/2-1/2"]
[WhiteElo "2711"]
[BlackElo "2677"]

1.d4 Nf6 2.c4 e6 3.Nc3 Bb4 4.Nf3 d5 5.Bg5 h6 6.Bxf6 Qxf6 7.Qa4+ Nc6 8.e3 O-O
9.Be2 Bd7 10.Qb3 dxc4 11.Qxc4 Bd6 12.O-O Qg6 13.Nb5 Rfc8 14.Nxd6 cxd6 15.Rac1 e5
16.dxe5 dxe5 17.Bd3 Bf5 18.Bxf5 Qxf5 19.Qb5 Qe6 20.Qxb7 Rab8 21.Qa6 Rxb2
22.Rc5 Rxa2 23.Qb7 Ra5 24.Rxa5 Nxa5 25.Qxa7 Nc4 26.Rc1 Nd6 27.Rxc8+ Qxc8
28.Qa1 e4 29.Nd4 Nf5 30.Nxf5 Qxf5  1/2-1/2

[Event "Tata Steel Challengers"]
[Site "Wijk aan Zee NED"]
[Date "2014.01.24"]
[Round "11.3"]
[White "Brunello,S"]
[Black "Wojtaszek,R"]
[Result "0-1"]
[WhiteElo "2602"]
[BlackElo "2711"]

1.d4 Nf6 2.c4 e6 3.Nc3 Bb4 4.e3 O-O 5.Ne2 Re8 6.a3 Bf8 7.d5 d6 8.Ng3 c6 9.Be2 exd5
10.cxd5 cxd5 11.Nxd5 Nxd5 12.Qxd5 Nc6 13.O-O g6 14.Rd1 Bg7 15.Rb1 Be6 16.Qb5 a6
17.Qxb7 Na5 18.Qb4 Bb3 19.Bd2 Bxd1 20.Rxd1 Nc6 21.Qa4 Qb6 22.Bf3 Rac8 23.b4 Red8
24.Be2 Ra8 25.Rc1 Ne7 26.Ne4 d5 27.Nc5 Nf5 28.Qd1 Nd6 29.a4 Ne4 30.a5 Qf6
31.Nxe4 dxe4 32.Qc2 Rab8 33.Be1 Bf8 34.Qxe4 Qb2 35.Qc2 Qxc2 36.Rxc2 Bxb4
37.Bxb4 Rxb4 38.g3 Rd6 39.Rc8+ Kg7 40.Ra8 Rd2 41.Bxa6 Rb1+ 42.Kg2 Rbb2 43.Kf3 Rxf2+
44.Ke4 Rb4+ 45.Kd3 Ra2 46.Bc8 Ra3+ 47.Kc2 Rxe3 48.a6 Ra4 49.Kb2 Ra5 50.Bb7 Re2+
51.Kb3 Rxh2 52.Rc8 Rha2  0-1

[Event "Tata Steel Challengers"]
[Site "Wijk aan Zee NED"]
[Date "2014.01.25"]
[Round "12.2"]
[White "Wojtaszek,R"]
[Black "Bok,B"]
[Result "1/2-1/2"]
[WhiteElo "2711"]
[BlackElo "2560"]

1.Nf3 Nf6 2.c4 c5 3.d4 cxd4 4.Nxd4 g6 5.Nc3 d5 6.cxd5 Nxd5 7.Ndb5 Nxc3 8.Qxd8+ Kxd8
9.Nxc3 Bg7 10.Be3 Bxc3+ 11.bxc3 f6 12.O-O-O+ Ke8 13.g3 Be6 14.Bg2 Nc6 15.Rd2 Rc8
16.Bxc6+ Rxc6 17.Bxa7 Kf7 18.Bd4 Ra8 19.Rb2 Rxa2 20.Rxa2 Bxa2 21.Kb2 Bc4
22.e4 e5 23.Be3 Be2 24.Ra1 Bf3 25.Ra4 g5 26.Rb4 Rc7 27.Bb6 Rd7 28.Bc5 Kg6
29.Rb6 Bxe4 30.Rd6 Rxd6 31.Bxd6 Kf5 32.Kc1 Bg2 33.Kd2 Kg4 34.Ke3 e4 35.Ke2 f5
36.Be7 f4 37.gxf4 gxf4 38.Bd6 b5 39.Bc7 Kf5 40.Bb8 Kg4 41.Bc7 Bf3+ 42.Kd2 Kf5
43.Bb8 Bh5 44.Bc7 Kg4 45.Ke1 Bf7 46.Bd6 Bc4 47.Bc7 Kf3 48.Bd6 e3 49.fxe3 Kxe3
50.Bc5+ Kf3 51.Bd6 Ke3 52.Bc5+ Kd3 53.Bb4 f3 54.Kf2 Bd5 55.Ba5  1/2-1/2

[Event "15th ch-EUR Indiv 2014"]
[Site "Yerevan ARM"]
[Date "2014.03.11"]
[Round "8.2"]
[White "Laznicka,V"]
[Black "Wojtaszek,R"]
[Result "1/2-1/2"]
[WhiteElo "2681"]
[BlackElo "2713"]

1.e4 c5 2.Nf3 d6 3.d4 cxd4 4.Nxd4 Nf6 5.Nc3 a6 6.Be3 e5 7.Nb3 Be6 8.h3 Nc6
9.Qf3 Rc8 10.O-O-O Nb4 11.Kb1 Qc7 12.a3 Nxc2 13.Kxc2 Qc6 14.Nd2 d5 15.exd5 Nxd5
16.Nb1 Qa4+ 17.Kd2 Qb3 18.Ke1 Nxe3 19.Qxe3 Qxb2 20.Qxe5 Bc5 21.Rd2 Qc1+ 22.Rd1 Qb2
23.Rd2 Qc1+ 24.Rd1 Qb2  1/2-1/2

[Event "TCh-CZE Extraliga 2013-14"]
[Site "Lysa nad Labem CZE"]
[Date "2014.03.22"]
[Round "10.2"]
[White "Najer,E"]
[Black "Wojtaszek,R"]
[Result "1-0"]
[WhiteElo "2641"]
[BlackElo "2711"]

1.e4 c5 2.Nf3 d6 3.d4 cxd4 4.Nxd4 Nf6 5.Nc3 a6 6.Bg5 e6 7.f4 h6 8.Bh4 Qb6
9.Qd2 Qxb2 10.Rb1 Qa3 11.Bxf6 gxf6 12.Be2 Nc6 13.Nxc6 bxc6 14.O-O Be7 15.Kh1 Qa5
16.f5 h5 17.Qe3 h4 18.Bg4 e5 19.Rb3 Bd8 20.Rfb1 Bc7 21.Be2 Ke7 22.Ra3 Qxa3
23.Nd5+ cxd5 24.Qxa3 Bd7 25.Qc3 Rhc8 26.Rb7 Rab8 27.Bxa6 dxe4 28.g4 Bd8 29.Rxd7+ Kxd7
30.Bxc8+ Rxc8 31.Qb3 Ke8 32.Qa4+ Ke7 33.Qxe4 Rc3 34.Kg2 Ra3 35.Qb7+ Ke8 36.g5 h3+
37.Kf2 fxg5 38.Qc6+ Kf8 39.Qc8 Ke8 40.Qc6+ Kf8 41.Qxd6+ Be7 42.Qh6+ Ke8 43.Qc6+  1-0

[Event "TCh-CZE Extraliga 2013-14"]
[Site "Prague CZE"]
[Date "2014.03.23"]
[Round "11.2"]
[White "Wojtaszek,R"]
[Black "Jirka,J"]
[Result "1-0"]
[WhiteElo "2711"]
[BlackElo "2453"]

1.d4 d5 2.c4 c6 3.Nf3 Nf6 4.Nc3 a6 5.e3 b5 6.b3 Bg4 7.Be2 Nbd7 8.h3 Bh5 9.g4 Bg6
10.Ne5 Nxe5 11.dxe5 Nd7 12.cxd5 e6 13.h4 Bb4 14.Bb2 cxd5 15.h5 Be4 16.f3 Qc7
17.Qd2 Qxe5 18.Kf2 Nf6 19.Nxe4 Bxd2 20.Bxe5 dxe4 21.Rad1 O-O-O 22.h6 Rhg8
23.hxg7 Nd7 24.Bb2 exf3 25.Bxf3 Bb4 26.Rxh7 f6 27.Bc6 Be7 28.Bxd7+ Rxd7 29.Rh8  1-0

[Event "Before Trzcianka GM Blitz 2014"]
[Site "Poznan POL"]
[Date "2014.04.12"]
[Round "1.5"]
[White "Wojtaszek,R"]
[Black "Kasimdzhanov,R"]
[Result "1-0"]
[WhiteElo "2716"]
[BlackElo "2693"]

1.d4 d5 2.Nf3 c6 3.c4 Nf6 4.e3 Bg4 5.h3 Bxf3 6.Qxf3 e6 7.Nc3 Nbd7 8.Bd2 g6
9.g4 Bg7 10.g5 Ng8 11.h4 Ne7 12.O-O-O Nf5 13.Kb1 Nb6 14.cxd5 cxd5 15.Bb5+ Kf8
16.Bd3 Rc8 17.Rc1 Nc4 18.Bxc4 Rxc4 19.Ne2 Nd6 20.b3 Ne4 21.Rhd1 Rxc1+ 22.Bxc1 h6
23.h5 Qxg5 24.hxg6 Qxg6 25.Ka1 h5 26.Rg1 Qf6 27.Nf4 e5 28.Ba3+ Kg8 29.Nxh5 Rxh5
30.Qxh5 exd4 31.Bb2 Qxf2 32.Qg4  1-0

[Event "Before Trzcianka GM Blitz 2014"]
[Site "Poznan POL"]
[Date "2014.04.12"]
[Round "2.3"]
[White "Naiditsch,A"]
[Black "Wojtaszek,R"]
[Result "1-0"]
[WhiteElo "2706"]
[BlackElo "2716"]

1.e4 c5 2.Nf3 e6 3.g3 Nc6 4.Bg2 Nf6 5.Qe2 Be7 6.O-O d6 7.c3 e5 8.Na3 O-O
9.Nc4 Re8 10.d3 Be6 11.Ng5 Bg4 12.f3 Bh5 13.g4 Bg6 14.Nh3 d5 15.Ne3 d4 16.Nf5 Nd7
17.Nxe7+ Qxe7 18.c4 a6 19.f4 exf4 20.Nxf4 Nde5 21.Nd5 Qh4 22.h3 Rad8 23.Bd2 Rd6
24.Be1 Qd8 25.Bg3 b5 26.b3 Rd7 27.Rf2 Rb7 28.Raf1 bxc4 29.bxc4 Nb4 30.Nxb4 Rxb4
31.h4 f6 32.g5 Rb6 33.h5 Bf7 34.h6 Rb7 35.hxg7 fxg5 36.Rf5 Ng6 37.e5 Rbe7
38.Rxf7 Rxf7 39.Bd5 Re7 40.Rxf7 Rxf7 41.Qf3 Qe7 42.Qf6 Qe8 43.Kh2 Nf4 44.Bxf4 gxf4
45.Kg2 Qd7  1-0

[Event "Before Trzcianka GM Blitz 2014"]
[Site "Poznan POL"]
[Date "2014.04.12"]
[Round "3.4"]
[White "Wojtaszek,R"]
[Black "Bartel,Mat"]
[Result "1-0"]
[WhiteElo "2716"]
[BlackElo "2659"]

1.e4 e5 2.Nf3 d6 3.Nc3 Nf6 4.d4 exd4 5.Nxd4 Be7 6.g3 Bg4 7.f3 Bd7 8.g4 Nc6
9.Be3 O-O 10.Qd2 Nxd4 11.Bxd4 c5 12.Be3 Bc6 13.O-O-O Nd7 14.g5 Nb6 15.h4 Qe8
16.h5 Rd8 17.Nd5 Bxd5 18.exd5 Qa4 19.Kb1 Nc4 20.Bxc4 Qxc4 21.g6 Bf6 22.gxh7+ Kxh7
23.Bg5 Rde8 24.h6 Re2 25.hxg7+ Kxg7 26.Bh6+ Kg6 27.Rdg1+ Kf5 28.Rg5+ Bxg5
29.Qxg5+  1-0

[Event "Before Trzcianka GM Blitz 2014"]
[Site "Poznan POL"]
[Date "2014.04.12"]
[Round "4.4"]
[White "Kovalenko,I"]
[Black "Wojtaszek,R"]
[Result "1/2-1/2"]
[WhiteElo "2611"]
[BlackElo "2716"]

1.d4 d5 2.Nf3 Nf6 3.c4 c6 4.Nc3 e6 5.e3 Nbd7 6.Qc2 b6 7.Bd3 Bb7 8.O-O Be7
9.Rd1 O-O 10.b3 Rc8 11.Bb2 Qc7 12.Rac1 h6 13.Qe2 Qb8 14.a3 Rfe8 15.h3 c5
16.cxd5 Nxd5 17.Ne4 N7f6 18.Ng3 cxd4 19.Nxd4 Rxc1 20.Rxc1 Rc8 21.Rc2 Bd6
22.Nh5 Rxc2 23.Nxf6+ Nxf6 24.Qxc2 Qc7 25.Qxc7 Bxc7 26.b4 Kf8 27.Kf1 Ke7 28.f3 g6
29.Ke2 e5 30.Nb5 Bb8 31.e4 Nh5 32.Kd2 Nf4 33.Bf1 Ba6 34.a4 Bxb5 35.axb5 Bd6
36.Kc3 Ne6 37.Kc4 Nc7 38.h4 h5 39.Bc1 Ne6 40.Bd2 Nd4 41.Bd3 Kd7 42.Kd5 Ne6
43.g3 Nc7+ 44.Kc4 Ne6 45.Bf1 Nd4 46.Bg2 Nc2 47.f4 exf4 48.gxf4 Na3+ 49.Kd5 Nxb5
50.Bh3+ Kc7 51.e5 Be7 52.Be1 Kd8 53.Bf1 Nc7+ 54.Kc6 Ne6 55.Kb7 a5 56.bxa5 bxa5
57.Bc4 a4 58.Kc6 a3 59.Bg3 Nd4+ 60.Kd5 Nf5 61.Bf2 Bxh4 62.Bb6+ Ke8 63.Bb5+ Kf8
64.Bc4 Be7 65.Ke4 h4 66.Kf3 Bb4 67.Kg4 Kg7 68.e6 fxe6 69.Bxe6 Kf6 70.Ba2 Bc3
71.Bd8+ Kg7 72.Bxh4 Ne3+ 73.Kf3 Nc2 74.Be7 Bb4 75.Bd8 Bc5 76.Ba5 Bb4 77.Bc7 Nd4+
78.Ke4 Nb5 79.Be5+ Kf8 80.Kd3 Be7 81.Kc4 Nd6+ 82.Bxd6 Bxd6 83.Kb3 Kg7 84.Bb1  1/2-1/2

[Event "Before Trzcianka GM Blitz 2014"]
[Site "Poznan POL"]
[Date "2014.04.12"]
[Round "5.3"]
[White "Wojtaszek,R"]
[Black "Moiseenko,A1"]
[Result "1-0"]
[WhiteElo "2716"]
[BlackElo "2707"]

1.e4 c5 2.Nf3 Nc6 3.Bb5 g6 4.O-O Bg7 5.Bxc6 bxc6 6.c3 Nf6 7.Re1 O-O 8.d4 d5
9.exd5 cxd5 10.dxc5 Ne4 11.Nd4 e5 12.Nc6 Qf6 13.Rxe4 Qxc6 14.Re1 Qxc5 15.Nd2 Bb7
16.Nb3 Qc7 17.Be3 f5 18.Bc5 Rfe8 19.Ba3 Rad8 20.Nc5 Ba8 21.Qa4 Bc6 22.Qa6 h6
23.Bb4 Rd6 24.Rad1 Rf6 25.Qa5 Qc8 26.Nd3 Rfe6 27.Qxa7 g5 28.Nc5 R6e7 29.Qb6 f4
30.Nb3 Rb7 31.Qc5 Rb5 32.Qa7 e4 33.Nd4 Rb7 34.Qc5 f3 35.h3 Rc7 36.Nxc6 Rxc6
37.Qxd5+ Qe6 38.Rxe4 Qxd5 39.Rxe8+ Kf7 40.Rxd5 Kxe8 41.gxf3 Bf6 42.Kg2 Re6
43.a4 Re2 44.Ba3 Bd8 45.Kf1 Rc2 46.Rd1 Bb6 47.Re1+ Kd7 48.Re2 Rc1+ 49.Kg2 Ra1
50.Kg3 Rg1+ 51.Kh2 Ra1 52.Kg2 Bc7 53.Bc5 Rxa4 54.Bd4 Bf4 55.b4 Ra1 56.b5 Rb1
57.b6 Kc6 58.Re6+ Kd5 59.Rxh6 Kc4 60.Rf6 Kd3 61.h4 Rb5 62.h5  1-0

[Event "Before Trzcianka GM Blitz 2014"]
[Site "Poznan POL"]
[Date "2014.04.12"]
[Round "6.5"]
[White "Miton,K"]
[Black "Wojtaszek,R"]
[Result "1-0"]
[WhiteElo "2603"]
[BlackElo "2716"]

1.e4 d5 2.exd5 Qxd5 3.Nc3 Qd6 4.d4 Nf6 5.Bd3 Nc6 6.Nge2 Bg4 7.f3 Bh5 8.Bf4 Qd7
9.Ne4 Nxe4 10.Bxe4 e6 11.O-O Rd8 12.c3 Bd6 13.Bxd6 Qxd6 14.Qa4 Bg6 15.Ng3 O-O
16.Rae1 Bxe4 17.fxe4 f6 18.Qb5 Qd7 19.Qh5 Qf7 20.Qg4 Kh8 21.Rf3 Ne7 22.Ref1 b6
23.Nh5 c5 24.Rh3 f5 25.exf5 exf5 26.Qg5 cxd4 27.Nf4 dxc3 28.Qxe7 cxb2 29.Qe5 Qxa2
30.Ne6 Rg8 31.Nxd8 b1=R 32.Nf7+ Qxf7 33.Rxb1 Re8 34.Qf4 Re4 35.Qf3 h6 36.Rf1 Re5
37.Qf4 Qd5 38.Re3 Rxe3 39.Qxe3 Kh7 40.Qf3 Qc5+ 41.Qf2  1-0

[Event "Before Trzcianka GM Blitz 2014"]
[Site "Poznan POL"]
[Date "2014.04.12"]
[Round "8.6"]
[White "Schmidt,Wl"]
[Black "Wojtaszek,R"]
[Result "0-1"]
[WhiteElo "2360"]
[BlackElo "2716"]

1.Nf3 Nf6 2.c4 c6 3.Nc3 d5 4.e3 e6 5.b3 Bd6 6.Bb2 e5 7.cxd5 cxd5 8.d4 e4
9.Ne5 O-O 10.Be2 Nc6 11.Nxc6 bxc6 12.O-O Qc7 13.h3 Bf5 14.Rc1 Qd7 15.f4 exf3
16.Rxf3 Ne4 17.Bd3 Bg6 18.Rc2 Rae8 19.Qc1 Ng5  0-1

[Event "Before Trzcianka GM Blitz 2014"]
[Site "Poznan POL"]
[Date "2014.04.12"]
[Round "9.1"]
[White "Wojtaszek,R"]
[Black "Bartel,Marta"]
[Result "1-0"]
[WhiteElo "2716"]
[BlackElo "2342"]

1.e4 c5 2.Nf3 e6 3.d3 Nc6 4.g3 d5 5.Qe2 Be7 6.e5 h5 7.Bg2 Nh6 8.c3 Nf5 9.Na3 a6
10.h3 b5 11.Nc2 Bb7 12.g4 Nh6 13.Bf4 Qc7 14.d4 O-O-O 15.Ne3 cxd4 16.cxd4 Bb4+
17.Kf1 Be7 18.Bg3 Qb6 19.Rd1 Kb8 20.Kg1 Ka8 21.Qd3 Rc8 22.g5 Ng8 23.g6 f6
24.exf6 Nxf6 25.Ne5 Nxe5 26.Bxe5 Rhf8 27.Kh2 Bd6 28.Rhf1 Nd7 29.f4 Nf6 30.Kg1 a5
31.Rc1 Rxc1 32.Rxc1 Bxe5 33.fxe5 Nd7 34.Rf1 b4 35.Rxf8+ Nxf8 36.Bf1 Ka7 37.Ng2 Ba6
38.Qxa6+ Qxa6 39.Bxa6 Kxa6 40.Nf4 Kb5 41.b3 h4 42.Kf2 Kc6 43.Kf3 Kd7 44.Kg4 Ke7
45.Kxh4 Nd7 46.Kg5 a4 47.h4 a3 48.h5 Nb6 49.h6 gxh6+ 50.Kxh6 Kf8 51.Kh7  1-0

[Event "Before Trzcianka GM Blitz 2014"]
[Site "Poznan POL"]
[Date "2014.04.12"]
[Round "10.6"]
[White "Wojtaszek,R"]
[Black "Fridman,D"]
[Result "0-1"]
[WhiteElo "2716"]
[BlackElo "2616"]

1.e4 d6 2.d4 Nf6 3.Nc3 g6 4.f3 c6 5.Be3 b5 6.Qd2 Nbd7 7.Nh3 Qa5 8.Bd3 e5
9.Nf2 Bg7 10.a4 b4 11.Ne2 O-O 12.O-O Bb7 13.Rfd1 exd4 14.Nxd4 c5 15.Nb3 Qc7
16.Bb5 c4 17.Nd4 Ne5 18.a5 a6 19.Ba4 Qxa5 20.f4 Neg4 21.Nxg4 Nxg4 22.Bc6 Qc7
23.Bxb7 Qxb7 24.h3 Nxe3 25.Qxe3 Rfe8 26.Re1 f5 27.e5 dxe5 28.fxe5 Rxe5 29.Qf2 Rae8  0-1

[Event "ch-POL Rapid 2014"]
[Site "Trzcianka POL"]
[Date "2014.04.13"]
[Round "1.1"]
[White "Starzynski,W"]
[Black "Wojtaszek,R"]
[Result "0-1"]
[WhiteElo "1840"]
[BlackElo "2716"]

1.e4 c5 2.Nf3 e6 3.c4 Nc6 4.Nc3 Nf6 5.Be2 d5 6.exd5 exd5 7.d4 dxc4 8.d5 Nb8
9.Bxc4 Bd6 10.O-O O-O 11.Bg5 h6 12.Bh4 Bf5 13.Bd3 Bg6  0-1

[Event "ch-POL Rapid 2014"]
[Site "Trzcianka POL"]
[Date "2014.04.13"]
[Round "3.1"]
[White "Licznerski,L"]
[Black "Wojtaszek,R"]
[Result "0-1"]
[WhiteElo "2344"]
[BlackElo "2716"]

1.e4 c5 2.Nf3 d6 3.d4 cxd4 4.Nxd4 Nf6 5.Nc3 a6 6.g3 e5 7.Nb3 Be7 8.Bg2 O-O
9.O-O b5 10.Bg5 Nbd7 11.a4 b4 12.Nd5 a5 13.Qd2 h6 14.Bxf6 Nxf6 15.Nxf6+ Bxf6
16.Rfd1 Be7 17.Qe2 Qc7 18.h4 Be6 19.Rdc1 Rfc8 20.Nd2 Bd8 21.Nf1 Qc4 22.Qd2 Bb6
23.Ne3 Qd4 24.Qxd4 Bxd4 25.c3 bxc3 26.bxc3 Rxc3 27.Rxc3 Bxc3 28.Rc1 Bd4 29.Bf1 Bxe3
30.fxe3 Bd7 31.Bb5 Bxb5 32.axb5 Rb8 33.Rb1 Kf8 34.Kf2 Ke7 35.b6 h5 36.Ke2 a4
37.Rb4 a3 38.Ra4 Rxb6 39.Rxa3 g6 40.Ra7+ Ke6 41.Kf3 Rb4 42.Ra8 Rb2 43.Rg8 Ke7
44.Rh8 Rd2 45.Rg8 Rb2 46.Rh8 Rc2 47.Rg8 Rd2 48.Rh8 Rc2 49.Rg8 Rc7 50.Rh8 Rd7
51.Ra8 Rd8 52.Ra7+ Ke6 53.Rb7 Rc8 54.Ra7 Rc2 55.Ra8 f5 56.exf5+ gxf5 57.Rh8 e4+
58.Kf4 Rf2+ 59.Kg5 Rf3 60.Re8+ Kd5 61.Rf8 Ke5  0-1